Vplyv krízy na stabilitu štruktúry parametrov ekonometrického modelu
Testovanie stability štruktúry parametrov. Chowov test. Vplyv krízy na štruktúrnu stabilitu parametrov spotrebnej funkcie.
Salvato in:
| Autore principale: | |
|---|---|
| Natura: | Capitolo di libro |
| Lingua: | slovacco |
| Soggetti: | |
| Tags: |
Nessun Tag, puoi essere il primo ad aggiungerne!!
|
MARC
| LEADER | 00000nla a2200000 4500 | ||
|---|---|---|---|
| 001 | 0212483 | ||
| 005 | 20240502083531.9 | ||
| 041 | 0 | |a slo | |
| 044 | |a CZ | ||
| 245 | 1 | 0 | |a Vplyv krízy na stabilitu štruktúry parametrov ekonometrického modelu |c Adriana Lukáčiková |
| 520 | |a Testovanie stability štruktúry parametrov. Chowov test. Vplyv krízy na štruktúrnu stabilitu parametrov spotrebnej funkcie. | ||
| 610 | 2 | 0 | |a modely ekonometrické |
| 610 | 2 | 0 | |a modelovanie ekonometrické |
| 610 | 2 | 0 | |a spotreba |
| 610 | 2 | 0 | |a dôchodok hrubý |
| 610 | 2 | 0 | |a kríza |
| 100 | 1 | |a Lukáčiková, Adriana, 1971- | |